|
|
|
|
| LEADER |
00654nam a22001817a 4500 |
| 082 |
|
|
|a 894.M1
|b YUS/K M6
|
| 100 |
|
|
|a യൂസഫ്അലി കേച്ചേരി
|9 194545
|
| 100 |
|
|
|a Yusufali Kecheri
|9 194546
|
| 240 |
|
|
|a Kecherippuzha
|
| 245 |
|
|
|a കേച്ചേരിപ്പുഴ
|
| 250 |
|
|
|a 1st
|
| 260 |
|
|
|b Author;
|
| 300 |
|
|
|a 162p.
|
| 650 |
|
|
|a മലയാളം; കവിതകള്
|9 194547
|
| 650 |
|
|
|a Malayalam; Poems
|9 194548
|
| 942 |
|
|
|c BK
|
| 999 |
|
|
|c 51143
|d 51143
|
| 952 |
|
|
|0 0
|1 0
|4 0
|6 894_000000000000000_M1_YUS_K_M6
|7 0
|8 POE
|9 60418
|a MAL
|b MAL
|d 2016-04-05
|e 35122
|g 18.00
|l 0
|o 894.M1 YUS/K M6
|p MAL035122
|r 2016-04-05
|t 1
|w 2016-04-05
|y BK
|